Family life in Islam (Record no. 542360)

000 -LEADER
fixed length control field 00312nam a22001217a 4500
082 ## - DEWEY DECIMAL CLASSIFICATION NUMBER
Classification number 297.30685
Author Mark KHU
-- D
245 ## - TITLE STATEMENT
Title Family life in Islam
Statement of responsibility, etc. Khurshid Ahmed
260 ## - PUBLICATION, DISTRIBUTION, ETC.
Place of publication, distribution, etc. Islamabad:
Name of publisher, distributor, etc. Da Wah academy
Date of publication, distribution, etc. 1999
300 ## - PHYSICAL DESCRIPTION
Extent 32p.
526 ## - STUDY PROGRAM INFORMATION NOTE
Program name 0
Interest level 0
Reading level 0
Title point value 297_306850000000000_KHU
650 ## - SUBJECT ADDED ENTRY--TOPICAL TERM
Topical term or geographic name entry element MCE
9 (RLIN) 379
942 ## - ADDED ENTRY ELEMENTS (KOHA)
Source of classification or shelving scheme
Koha item type Book
Holdings
Withdrawn status Lost status Source of classification or shelving scheme Damaged status Not for loan Permanent Location Current Location Date acquired Total Checkouts Full call number Barcode Date last seen Date last checked out Price effective from Koha item type
          Military College of Engineering (MCE) Military College of Engineering (MCE) 11/12/2013 1 297.30685 KHU MCE-32509 05/13/2016 05/02/2016 11/12/2013 Book
© 2023 Central Library, National University of Sciences and Technology. All Rights Reserved.